[Event "ch-DEN"]
[Site "Horsens DEN"]
[Date "2003.04.12"]
[Round "1"]
[White "Schandorff,L"]
[Black "Fries Nielsen,JO"]
[Result "1-0"]
[WhiteElo "2563"]
[BlackElo "2448"]
[EventDate "2003.04.12"]

1. Nf3 Nf6 2. c4 e6 3. Nc3 Bb4 4. Qc2 c5 5. a3 Ba5 6. g3 Nc6 7. Bg2 O-O 8.
O-O a6 9. d3 h6 10. Rb1 Rb8 11. Na2 Bc7 12. b4 cxb4 13. Nxb4 b6 14. Nxc6
dxc6 15. d4 Nd7 16. Bb2 Bb7 17. Rfd1 Re8 18. a4 Rc8 19. c5 b5 20. axb5 axb5
21. Ra1 Ra8 22. Rxa8 Qxa8 23. Ra1 Qc8 24. Ne1 Nb8 25. Nd3 Na6 26. Qc3 f6
27. Qb3 Bb8 28. Bh3 Qd7 29. e4 Qf7 30. f4 Kh8 31. Kg2 Bc8 32. f5 Qh5 33.
fxe6 Qe2+ 34. Nf2 Nc7 35. d5 cxd5 36. exd5 Nxd5 37. Qxd5 Qxb2 38. Re1 Be5
39. Bg4 h5 40. Bxh5 Bxe6 41. Qc6 Re7 42. Bg6 f5 43. Qa8+ Bg8 44. Qd8 1-0

[Event "ch-DEN"]
[Site "Horsens DEN"]
[Date "2003.04.13"]
[Round "2"]
[White "Nielsen,PH"]
[Black "Mortensen,E"]
[Result "1-0"]
[WhiteElo "2625"]
[BlackElo "2453"]
[EventDate "2003.04.12"]

1. d4 Nf6 2. Nf3 g6 3. c4 Bg7 4. Nc3 O-O 5. e4 d6 6. h3 e5 7. d5 a5 8. Bg5
Na6 9. Nd2 Qe8 10. g4 Nd7 11. a3 f5 12. gxf5 gxf5 13. Rg1 Kh8 14. exf5 e4
15. Be3 Ne5 16. Ndxe4 Bxf5 17. Be2 Bg6 18. Qd2 Nf3+ 19. Bxf3 Rxf3 20. Ng5
Rxe3+ 21. Qxe3 Nc5 22. Ne6 Nxe6 23. dxe6 Qc6 24. e7 Re8 25. Nd5 Qxc4 26.
Rd1 Qe4 27. Qxe4 Bxe4 28. Nxc7 Rxe7 29. Rxd6 h6 30. Ne6 1-0

[Event "ch-DEN"]
[Site "Horsens DEN"]
[Date "2003.04.14"]
[Round "3"]
[White "Mortensen,E"]
[Black "Hansen,SuB"]
[Result "1-0"]
[WhiteElo "2453"]
[BlackElo "2537"]
[EventDate "2003.04.12"]

1. e4 c5 2. Nf3 d6 3. d4 cxd4 4. Nxd4 Nf6 5. Nc3 a6 6. Be2 e6 7. O-O Be7 8.
f4 Qc7 9. Be3 O-O 10. g4 h6 11. h4 d5 12. e5 Ne4 13. Nxe4 dxe4 14. g5 Bc5
15. c3 Nc6 16. Qc2 b5 17. gxh6 Ne7 18. hxg7 Kxg7 19. Bg4 Rg8 20. Kh2 Kh8
21. Qe2 Rg7 22. Rg1 Rh7 23. Bh3 Nd5 24. Rg4 Bd7 25. Rag1 Rf8 26. Rg5 f6 27.
Rh5 Bc8 28. Nxb5 axb5 29. Bxc5 Rff7 30. Rxh7+ Rxh7 31. Qg4 Qd8 32. exf6 e5
33. Qxc8 Nxf4 34. Qg4 Nxh3 35. Re1 1-0

[Event "ch-DEN"]
[Site "Horsens DEN"]
[Date "2003.04.17"]
[Round "6"]
[White "Mortensen,E"]
[Black "Pedersen,NV"]
[Result "1/2-1/2"]
[WhiteElo "2453"]
[BlackElo "2508"]
[EventDate "2003.04.12"]

1. e4 d5 2. exd5 Nf6 3. Bb5+ Nbd7 4. c4 a6 5. Ba4 b5 6. cxb5 Nxd5 7. Nf3
Nc5 8. Bc2 Nb4 9. d4 Nxc2+ 10. Qxc2 Ne6 11. Be3 axb5 12. Nc3 b4 13. d5 bxc3
14. Rd1 Qd6 15. dxe6 Qxe6 16. Qxc3 Ba6 17. b3 f6 18. Nd4 Qd5 19. f3 e5 20.
Nf5 Qb5 21. Kf2 g6 22. Ng3 Bb4 23. Qxc7 Rc8 24. Qg7 Rc2+ 25. Kg1 Rf8 26.
Ne4 Be7 27. Qxh7 Qe2 28. Qxg6+ Rf7 29. Qg8+ Rf8 30. Qg6+ Rf7 31. Qg8+
1/2-1/2

[Event "ch-DEN"]
[Site "Horsens DEN"]
[Date "2003.04.17"]
[Round "6"]
[White "Pedersen,St"]
[Black "Palo,D"]
[Result "0-1"]
[WhiteElo "2443"]
[BlackElo "2483"]
[EventDate "2003.04.12"]

1. d4 Nf6 2. c4 e6 3. Nf3 b6 4. a3 Bb7 5. Nc3 d5 6. cxd5 Nxd5 7. Bd2 Nd7 8.
Nxd5 Bxd5 9. Qc2 f5 10. e3 Bd6 11. Bc4 O-O 12. Bxd5 exd5 13. O-O a5 14. b4
a4 15. b5 Qe7 16. Rfb1 Nf6 17. Bb4 Ne4 18. Qc6 Qe6 19. Ra2 Rae8 20. Rc2 f4
21. exf4 Rxf4 22. Re1 Ref8 23. Bxd6 cxd6 24. Re3 Qf5 25. h3 g5 26. Qb7 g4
27. Nh4 Qg5 28. hxg4 Rxf2 29. Rc7 Rf1+ 30. Kh2 Qxh4+ 31. Rh3 Qxh3+ 0-1

[Event "ch-DEN"]
[Site "Horsens DEN"]
[Date "2003.04.18"]
[Round "7"]
[White "Hoi,C"]
[Black "Mortensen,E"]
[Result "0-1"]
[WhiteElo "2406"]
[BlackElo "2453"]
[EventDate "2003.04.12"]

1. d4 d6 2. e4 Nf6 3. f3 c5 4. d5 g6 5. c4 Bg7 6. Nc3 e6 7. Bg5 h6 8. Be3
exd5 9. cxd5 O-O 10. Qd2 Nh7 11. h4 h5 12. O-O-O Re8 13. Nh3 Nd7 14. Be2 a6
15. Nf2 b5 16. g4 b4 17. Nb1 Ndf6 18. gxh5 Nxh5 19. Rdg1 Qe7 20. f4 N7f6
21. Bf3 Bf5 22. exf5 Qxe3 23. Bxh5 gxh5 24. Rh3 Qxd2+ 25. Nxd2 Kf8 26. Rd3
Re2 27. Nh3 Rae8 28. Nc4 Rh2 29. Rgd1 Ree2 30. R1d2 Rxd2 31. Nxd2 Bh6 32.
Nc4 Nxd5 33. Rxd5 Rxh3 34. f6 Rxh4 35. Kc2 Rxf4 36. Kb3 Rxf6 37. Nxd6 Ke7
38. Nc4 Rf3+ 39. Ka4 f5 40. Rxc5 h4 41. Rc7+ Kf6 42. Rc6+ Kg7 43. Rc7+ Kg8
44. Rc8+ Kh7 45. Ne5 Re3 46. Nf7 Bg7 47. Rc4 Kg6 0-1

[Event "ch-DEN"]
[Site "Horsens DEN"]
[Date "2003.04.19"]
[Round "8"]
[White "Schandorff,L"]
[Black "Hoi,C"]
[Result "1-0"]
[WhiteElo "2563"]
[BlackElo "2406"]
[EventDate "2003.04.12"]

1. d4 d5 2. c4 dxc4 3. e3 Nf6 4. Bxc4 e6 5. Nf3 c5 6. O-O a6 7. a4 Nc6 8.
Qe2 cxd4 9. Rd1 Be7 10. exd4 O-O 11. Nc3 Nb4 12. Ne5 Nbd5 13. Bg5 Nxc3 14.
bxc3 Nd5 15. Bxe7 Qxe7 16. Qf3 Qd6 17. Bb3 Rb8 18. a5 Bd7 19. Bxd5 exd5 20.
c4 Bc6 21. c5 Qd8 22. Re1 Bb5 23. Ng4 Bc6 24. Ra3 Re8 25. Rxe8+ Qxe8 26.
Re3 Qd8 27. Qf4 f6 28. Rg3 Kh8 29. h4 Bd7 30. h5 Bxg4 31. Qxg4 Qe7 32. Re3
Qf7 33. Qe2 Qd7 34. Re7 Qd8 35. h6 gxh6 36. Qe6 Qf8 37. Rf7 1-0

[Event "ch-DEN"]
[Site "Horsens DEN"]
[Date "2003.04.19"]
[Round "8"]
[White "Hansen,SuB"]
[Black "Pedersen,St"]
[Result "1-0"]
[WhiteElo "2537"]
[BlackElo "2443"]
[EventDate "2003.04.12"]

1. e4 e5 2. Nf3 d6 3. d4 Nf6 4. Nc3 Nbd7 5. Bc4 Be7 6. O-O O-O 7. Re1 Nb6
8. Bf1 exd4 9. Nxd4 c5 10. Nb3 d5 11. exd5 c4 12. Nd4 Bb4 13. Bg5 Bxc3 14.
bxc3 h6 15. Bh4 Nbxd5 16. Bxc4 Nxc3 17. Qd3 Na4 18. Qd2 Qd6 19. Bg3 Qc5 20.
Bd3 Rd8 21. Nb3 Qf8 22. Bc7 Rd7 23. Be5 Ne8 24. Qf4 Nb6 25. Qf5 g6 26. Qf3
Rd8 27. Qg3 Nd7 28. Bd4 Kh7 29. Qh4 Ng7 30. Re7 Ne6 31. Bc3 Re8 32. Bxg6+
Kxg6 33. Qe4+ f5 34. Rxe6+ Rxe6 35. Qxe6+ Nf6 36. Qe5 Bd7 37. Rd1 Re8 38.
Qg3+ 1-0